PRINCIPALS AT HOTEL FRONT OFFICE OPERATIONS (Record no. 231221)

MARC details
000 -LEADER
fixed length control field 00365pam a2200157 a 4500
020 ## - INTERNATIONAL STANDARD BOOK NUMBER
Terms of availability
041 ## - LANGUAGE CODE
Language code of original
082 ## - DEWEY DECIMAL CLASSIFICATION NUMBER
Classification number 647.94068
100 ## - MAIN ENTRY--PERSONAL NAME
Personal name BAKER S
Relator term Author
245 ## - TITLE STATEMENT
Title PRINCIPALS AT HOTEL FRONT OFFICE OPERATIONS
Statement of responsibility, etc. BAKER S
Medium Textual Documents
260 ## - PUBLICATION, DISTRIBUTION, ETC.
Place of publication, distribution, etc. london
Name of publisher, distributor, etc. cassell
300 ## - PHYSICAL DESCRIPTION
Extent 290
653 ## - INDEX TERM--UNCONTROLLED
Uncontrolled term Fron office
700 ## - ADDED ENTRY--PERSONAL NAME
Relator term Co-Author
930 ## - EQUIVALENCE OR CROSS-REFERENCE-UNIFORM TITLE HEADING [LOCAL, CANADA]
Uniform title 3824
Holdings
Withdrawn status Lost status Damaged status Not for loan Collection Home library Current library Date acquired Source of acquisition Cost, normal purchase price Total Checkouts Full call number Barcode Date last seen Copy number Price effective from Koha item type
          Institute of Hotel Management & Catering Technology, Pune Institute of Hotel Management & Catering Technology, Pune 10/01/2000 Educational bombay 309.00   647.94068 HMP-DIP-1033 07/03/2023 1 07/03/2023 Book